| 000 | 02947cam a22006737i 4500 | ||
|---|---|---|---|
| 999 |
_c531902 _d531902 |
||
| 001 | 19473494 | ||
| 003 | NUST | ||
| 005 | 20191030115435.0 | ||
| 008 | 170131s2010 enkae b 001 0 eng | ||
| 010 | _a 2016499163 | ||
| 015 |
_aGBA959143 _2bnb |
||
| 016 | 7 |
_a015291442 _2Uk |
|
| 020 |
_a9780415491501 _q(pbk. ; _qalk. paper) |
||
| 020 |
_a0415491509 _q(pbk. ; _qalk. paper) |
||
| 020 | _a9781135871765 | ||
| 020 | _a1135871760 | ||
| 035 | _a(OCoLC)ocn309836159 | ||
| 038 | _aMSOHAIL | ||
| 040 |
_aDLC _beng _erda _cDLC d BTCTA d YDXCP d BWK d BWKUK d UKM d DEBBG d BDX d UKBOL d OCLCF d OCLCO d OCLCQ d OMB d OCLCO d OMB d OCL d OCLCQ d TOH d S3O d LND d OCLCQ d DLC |
||
| 042 | _alccopycat | ||
| 043 | _ae-uk-en | ||
| 050 | 0 | 0 |
_aNA7540 _b.L48 2010 |
| 082 | 0 | 4 |
_a728 _222 |
| 084 |
_aARC 660f _2stub |
||
| 084 |
_aLO 61355 _2rvk |
||
| 100 | 1 |
_aLevitt, David, _eauthor. _925063 |
|
| 245 | 1 | 4 |
_aThe housing design handbook : _ba guide to good practice / _cDavid Levitt. |
| 264 | 1 |
_aLondon ; _aNew York : _bRoutledge, Taylor & Francis Group, _c2010. |
|
| 300 |
_a281 pages : _billustrations, plans ; _c28 cm |
||
| 336 |
_atext _btxt _2rdacontent |
||
| 337 |
_aunmediated _bn _2rdamedia |
||
| 338 |
_avolume _bnc _2rdacarrier |
||
| 504 | _aIncludes bibliographical references and index. | ||
| 520 | 8 | _aThis is an essential reference for those practicing and studying the design and commissioning of housing. Through the analysis of work by Levitt Bernstein and other UK practices, it represents the accumulated knowledge of four decades of work in this field. | |
| 650 | 0 |
_aArchitecture, Domestic. _925064 |
|
| 650 | 0 |
_aPublic housing. _925065 |
|
| 650 | 0 |
_aArchitecture and society. _925066 |
|
| 650 | 0 |
_aArchitecture, Domestic _zEngland _zLondon. _925067 |
|
| 650 | 0 |
_aPublic housing _zEngland _zLondon. _925068 |
|
| 650 | 0 |
_aArchitecture and society _zEngland. _925069 |
|
| 650 | 7 |
_aArchitecture and society. _2fast _0(OCoLC)fst00813574 _925066 |
|
| 650 | 7 |
_aArchitecture, Domestic. _2fast _0(OCoLC)fst00813666 _925064 |
|
| 650 | 7 |
_aPublic housing. _2fast _0(OCoLC)fst01082447 _925065 |
|
| 650 | 0 | 7 |
_aDesign. _2gnd _0(DE-588)4011510-0 _925070 |
| 650 | 0 | 7 |
_aWohnungsbau. _2gnd _0(DE-588)4066772-8 _925071 |
| 650 | 7 |
_aArkitektur och samhälle. _2sao _925072 |
|
| 650 | 7 |
_aAllmännyttiga bostadsföretag. _2sao _925073 |
|
| 650 | 7 |
_aHusbyggnad _xplanering. _2sao _925074 |
|
| 650 | 0 | 7 |
_aDesign. _2swd _925070 |
| 650 | 0 | 7 |
_aWohnungsbau. _2swd _925071 |
| 651 | 7 |
_aEngland. _2fast _0(OCoLC)fst01219920 _922551 |
|
| 651 | 7 |
_aEngland _zLondon. _2fast _0(OCoLC)fst01204271 _925075 |
|
| 651 | 7 |
_aGrossbritannien. _2gnd _0(DE-588)4022153-2 _924310 |
|
| 655 | 4 |
_aBeispielsammlung. _925076 |
|
| 856 | 4 | 1 |
_uhttp://londonmet.eblib.com/patron/FullRecord.aspx?p=1099149 _zE-book - Full text from EBL |
| 906 |
_a7 _bcbc _ccopycat _d2 _encip _f20 _gy-gencatlg |
||
| 942 |
_2ddc _cBK |
||